000 00463nam a2200193Ia 4500
003 GCL
008 140319s9999 xx 000 0 aFre d
040 _aGCL /
_cGCL
082 0 4 _aCC
_b932
_bO H
100 1 _aO.A.E.
245 1 0 _aHANS HICKMANN: VIES ET TRAVAUX /
_cO.A.E.
260 _a[S.N] :
_bO.A.E. ،
_c1980
300 _a277
650 0 4 _aANCIENT EGYPT
650 0 4 _aART- EGYPT
650 0 4 _aARCHAEOLOGY
650 0 4 _aEGYPTOLOGY
942 _2ddc
_cBK
999 _c15815
_d15815